Understanding robust and exploratory data analysis

-д хадгалсан:
Номзүйн дэлгэрэнгүй
Үндсэн зохиолчид: Hoaglin, David C (Зохиогч), Mosteller, Frederick (Зохиогч), Tukey, John Wilder (Зохиогч)
Формат: Ном
Хэл сонгох:англи
Хэвлэсэн: Nueva York John Wiley & Sons 1983
Цуврал:Wiley Series in Probability and Mathematical Statistics
Нөхцлүүд:
Шошгууд: Шошго нэмэх
Шошго байхгүй, Энэхүү баримтыг шошголох эхний хүн болох!

MARC

LEADER 00000nam a2200000 a 4500
001 UCZ2060
003 CL-VaPUC
008 950925e19830000US |||||||||||||||||eng|d
082 0 4 |a 519.5  |b HOA  |2 21 
100 |a Hoaglin, David C  |e author  |9 345849 
700 |a Mosteller, Frederick  |e author  |9 569080 
700 0 |a Tukey, John Wilder  |e author  |9 345851 
245 1 0 |a Understanding robust and exploratory data analysis 
300 |a 447 p 
942 |c BK 
945 |d 19950925 00:00:00  |a awong 
260 |a Nueva York  |b John Wiley & Sons  |c 1983 
650 0 |a Análisis de datos  |9 269871 
650 0 |a Estadística matemática  |9 260028 
583 |a last modification  |c 19950925 00:00:00  |k Rodrigo Vera 
490 0 |a Wiley Series in Probability and Mathematical Statistics 
999 |c 238715  |d 238713 
952 |0 0  |1 0  |4 0  |6 519_500000000000000_HOA_1983  |7 0  |8 A  |9 249132  |a BIBGIM  |b BIBGIM  |d 2019-11-18  |i 3134261  |o 519.5 HOA 1983  |p 3134261  |r 2025-01-15  |w 2019-11-18  |y BK  |k EST